| Поле | Инд. | ПП | Название | Значение |
|---|---|---|---|---|
| Тип записи | a | |||
| Библиографический уровень | m | |||
| 001 | Контрольный номер | 52d321ee-d560-41c5-be5c-ed75c8b8c37d | ||
| 005 | Дата корректировки | 20140703142209.8 | ||
| 008 | Кодируемые данные | 060125 | ||
| 020 | c | Цена, тираж | б/ц | |
| 040 | a | Служба первич. каталог. | НБ ТвГУ | |
| 041 | a | Код языка текста | rus | |
| 080 | a | Индекс УДК | 1:316.356.4(043.3) | |
| a | Индекс УДК | 1:331(043.3) | ||
| 084 | a | Индекс другой классификации/Индекс ББК | С028.131я031 | |
| a | Индекс другой классификации/Индекс ББК | С025.22я031 | ||
| 090 | x | Авторский знак | С16 | |
| a | Полочн. индекс | С028.1 | ||
| 100 | 1_ | a | Автор | Салтыкова Ольга Витальевна |
| 245 | 10 | a | Заглавие | Национальный этос и ценности трудовой деятельности |
| b | Продолж. заглавия | дис. ... канд. филос. наук : 09.00.11 | ||
| 260 | 1_ | a | Место издания | Тверь |
| c | Дата издания | 2005 | ||
| 300 | a | Объем | 189 с. | |
| b | Иллюстрации/ тип воспроизводства | табл. | ||
| 500 | a | Примечание | На правах рукоп. | |
| 502 | a | Примечание о диссертации | Дис.(канд.) - Твер. гос. ун-т, 2005 | |
| 504 | a | Библиография | Библиогр.: с.172-189. | |
| 650 | a | Основная рубрика | Нации | |
| x | Основная подрубрика | Общественное самосознание | ||
| 650 | a | Основная рубрика | Труд | |
| x | Основная подрубрика | Социальная философия | ||
| 653 | a | Ключевые слова | Социальная философия | |
| a | Ключевые слова | Национальная ментальность | ||
| a | Ключевые слова | Нации | ||
| a | Ключевые слова | Самосознание нации | ||
| a | Ключевые слова | Деятельность | ||
| a | Ключевые слова | Трудовая деятельность | ||
| a | Ключевые слова | Трудовые ценности | ||
| a | Ключевые слова | Диссертации | ||
| 852 | t | Порядковый номер экземпляра | 1 | |
| p | Инвентарный номер | б/н | ||
| 930 | a | Новая/Ретро | диссертации | |
| 952 | p | 25.2006 б/ц 1 б/н | ||
| c | Вид литературы | Дис н | ||
| 954 | a | Дата поступления на обработку | 20060131 | |
| 999 | a | Подразделение 2 | ч.з. |